Aplikácia evolučných algoritmov na riešenie úlohy obchodného cestujúceho dizertačná práca

Na minha lista:
Detalhes bibliográficos
Autor principal: Čičková, Zuzana, 1978-
Autor Corporativo: Fakulta hospodárskej informatiky EU. Katedra operačného výskumu a ekonometrie
Outros Autores: Kovaľ, Ladislav
Formato: Livro
Idioma:eslovaco
Publicado em: Bratislava 2005
Assuntos:
Tags: Adicionar Tag
Sem tags, seja o primeiro a adicionar uma tag!

MARC

LEADER 00000nam$a2200000$$$4500
001 0037457
005 20230224101606.8
041 0 |a slo 
044 |a SK 
245 1 0 |a Aplikácia evolučných algoritmov na riešenie úlohy obchodného cestujúceho  |b dizertačná práca  |c Zuzana Čičková ; školiteľ: Ladislav Kovaľ 
264 1 |a Bratislava  |c 2005 
300 |a 135 s. 
610 2 0 |a kombinatorika 
610 2 0 |a cestujúci 
610 2 0 |a obchod 
610 2 0 |a optimalizácia 
610 2 0 |a siete neurónové 
610 2 0 |a algoritmy 
100 1 |a Čičková, Zuzana, 1978- 
700 1 |a Kovaľ, Ladislav 
710 2 |a Fakulta hospodárskej informatiky EU. Katedra operačného výskumu a ekonometrie